Problems and indian agricultural (Record no. 1608)

MARC details
000 -LEADER
fixed length control field 00464cam a2200181ua 4500
008 - FIXED-LENGTH DATA ELEMENTS--GENERAL INFORMATION
fixed length control field 110716n ii |||gr||||Z||||||eng
040 ## - CATALOGING SOURCE
Transcribing agency MAIN
082 ## - DEWEY DECIMAL CLASSIFICATION NUMBER
Classification number 338.1
100 ## - MAIN ENTRY--PERSONAL NAME
Personal name Jain, S. C.,
Relator term
245 1# - TITLE STATEMENT
Title Problems and indian agricultural
Statement of responsibility, etc. by S. C. Jain
250 ## - EDITION STATEMENT
Edition statement 1st.
260 ## - PUBLICATION, DISTRIBUTION, ETC.
Place of publication, distribution, etc. Allahabad:
Name of publisher, distributor, etc. Kitab Mahal.
300 ## - PHYSICAL DESCRIPTION
Extent 192p:
Dimensions 23cm.
942 ## - ADDED ENTRY ELEMENTS (KOHA)
Koha item type Books
653 ## - INDEX TERM--UNCONTROLLED
Uncontrolled term Economics
653 ## - INDEX TERM--UNCONTROLLED
Uncontrolled term Problems and policies of indian agricultural
Holdings
Withdrawn status Lost status Damaged status Not for loan Home library Current library Date acquired Total Checkouts Full call number Barcode Date last seen Copy number Price effective from Koha item type
        Central Library, Naharkatiya College Central Library, Naharkatiya College 19/09/2020   338.1 | JAI 1824 19/09/2020 1 19/09/2020 Books

Naharkatiya College © 2020. All rights reserved.

Powered By